00344 a2200121 4500090001500000100001400015245003600029260001200065300000800077942002800085999001900113952009000132 c5613d5613 aHamid Ali aComibined set of Treasury Rules aKarachi a254 aNBScREFk348.95491 ALI c348017d348017 00104070aNLSbNLSd2013-08-28o348.95491 ALIpNBS8082r2013-08-28w2013-08-28yREF